| 000 | 01194nam a22003017a 4500 | ||
|---|---|---|---|
| 005 | 20240530110513.0 | ||
| 008 | 151221s2009 ua g 000 0 ara d | ||
| 017 |
_a2008/1546 _bمصر . دار الكتب المصرية |
||
| 020 | _a9773156503 | ||
| 040 | _aEG-CaGPL | ||
| 082 | 0 | 4 |
_221 _a191\ _bم ف |
| 100 | 1 | _aمتس ، رودلف | |
| 245 | 1 | 2 |
_aالفلسفة الانجليزية فى مائة عام / _cتاليف رودلف متس ؛ ترجمة فؤاد زكريا ؛ راجعة زكى نجيب محمود |
| 250 | _aط1 | ||
| 260 |
_aالاسكندرية : _bدار الوفاء لدنيا الطباعة و النشر ، _c2009 . |
||
| 300 |
_a2 جزء ؛ _c24 سم . |
||
| 650 | 0 | 4 | _aالفلسفة |
| 650 | 0 | 4 | _aالفلسفة الدينية . |
| 650 | 0 | 4 |
_aالفلسفة _xتاريخ |
| 650 | 0 | 4 | _aفلاسفة المثالية المطلقة . |
| 650 | 0 | 4 | _aاصحاب مذهب الالوهية . |
| 650 | 0 | 4 | _aالفلسفة الغربية |
| 650 | 0 | 4 | _aالفلسفة الاوربية |
| 700 | 0 |
_aفؤاد زكريا _eمترجم |
|
| 700 | 0 |
_aزكى نجيب محمود _eمراجع |
|
| 942 |
_2ddc _cBK |
||
| 999 |
_c61728 _d61728 |
||